书目信息 |
| 题名: |
黄河三角洲与渤、黄海陆海相互作用研究
|
|
| 作者: | 黄海军 著 | |
| 分册: | ||
| 出版信息: | 北京 科学出版社 2005 |
|
| 页数: | 11,313页 | |
| 开本: | 26cm | |
| 丛书名: | ||
| 单 册: | ||
| 中图分类: | P343.5 | |
| 科图分类: | ||
| 主题词: | 三角洲 , 相互作用 | |
| 电子资源: | ||
| ISBN: | 7-03-015029-5 | |
| 000 | 01058nam0 2200313 450 | |
| 000 | 01065nam0 2200313 450 | |
| 000 | 00996nam0 2200289 450 | |
| 000 | 00960nam0 2200277 45 | |
| 005 | 20070527135035.73 | |
| 010 | @a7-03-015029-5@dCNY42.00 | |
| 100 | @a20070419d2005 em y0chiy0120 ea | |
| 101 | 0 | @achi |
| 102 | @aCN@b110000 | |
| 105 | @ay z 000yy | |
| 200 | 1 | @a黄河三角洲与渤、黄海陆海相互作用研究@AHuang He San Jiao Zhou Yu Bo、 Huang Hai Lu Hai Xiang Hu Zuo Yong Yan Jiu@f黄海军等著@FHuang Hai Jun Deng Zhu |
| 210 | @a北京@c科学出版社@d2005 | |
| 215 | @a11,313页@d26cm | |
| 330 | @a 本书论述1855年以来近代黄河下游河道的变迁,黄河入海泥沙通量变化对于河口及其近海生态环境资源可持续发展的影响。 | |
| 606 | 0 | @a三角洲 |
| 606 | 0 | @a相互作用 |
| 607 | @a黄河@x三角洲@x相互作用@x渤海@x研究 | |
| 607 | @a黄河@x三角洲@x相互作用@x黄海@x研究 | |
| 607 | @a渤海 | |
| 607 | @a黄海 | |
| 607 | @a黄河 | |
| 690 | @aP343.5@v4 | |
| 701 | 0 | @a黄海军@AHuang Hai Jun@c(水文科学)@4著 |
| 801 | 0 | @aCN@bTAOJIN@c20070527 |
| 905 | @a10447@dP343.5@e92 | |
| 黄河三角洲与渤、黄海陆海相互作用研究/黄海军等著.-北京:科学出版社,2005 |
| 11,313页;26cm |
| ISBN 7-03-015029-5:CNY42.00 |
| 本书论述1855年以来近代黄河下游河道的变迁,黄河入海泥沙通量变化对于河口及其近海生态环境资源可持续发展的影响。 |
| ● |
| 相关链接 |
|
|
|
|
正题名:黄河三角洲与渤、黄海陆海相互作用研究
索取号:P343.5/92
 
预约/预借
| 序号 | 登录号 | 条形码 | 馆藏地/架位号 | 状态 | 备注 |
| 1 | 0522897 | 205228975 | 第二样本阅览室/ [索取号:P343.5/92] | 在馆 | |
| 2 | 0522898 | 205228984 | 第三借阅区/ [索取号:P343.5/92] | 在馆 | |
| 3 | 0522899 | 205228993 | 第三借阅区/ [索取号:P343.5/92] | 在馆 | |
| 4 | 0522900 | 205229000 | 第三借阅区/ [索取号:P343.5/92] | 在馆 | |
| 5 | 0522901 | 205229019 | 第三借阅区/ [索取号:P343.5/92] | 在馆 |